00620nam a2200169 a 450000100100000000500170001000800410002702000150006804000250008308200150010810000300012324500990015326000470025230000210029995201130032099900170043300004087420201002034437.0130910s1993 cl 000 0 spa d a9561311623 aDO-SdBNPbspacBNPHU axxxxbxxxx1 aPatterson, Orlando96730113aLa libertad :bla libertad en la construcción de la cultura occidental /cOrlando Patterson. aSantiago de Chile, :bAndres Bello,c1993. a633 p. ;c23 cm. 001050718MOaGRbGRcHDd2013-09-10iLF1l0oxxxx xxxxp40874-10r2020-06-25w2020-06-25y1ZNo se presta c40364d40364